Leadership styles of principals: (Record no. 17089)

MARC details
000 -LEADER
fixed length control field 00784nam a22002177a 4500
005 - DATE AND TIME OF LATEST TRANSACTION
control field 2008102006036.0
008 - FIXED-LENGTH DATA ELEMENTS--GENERAL INFORMATION
fixed length control field 081020t xxu||||| |||| 00| 0 eng d
010 ## - LIBRARY OF CONGRESS CONTROL NUMBER
LC control number ENG-84123
020 ## - INTERNATIONAL STANDARD BOOK NUMBER
International Standard Book Number 8183240658
020 ## - INTERNATIONAL STANDARD BOOK NUMBER
Terms of availability 295.00 (hb)
035 ## - SYSTEM CONTROL NUMBER
System control number EN-67656
082 ## - DEWEY DECIMAL CLASSIFICATION NUMBER
Classification number 371.207 / MEH
100 ## - MAIN ENTRY--PERSONAL NAME
Personal name Mehrotra, Anju
245 ## - TITLE STATEMENT
Title Leadership styles of principals:
Remainder of title authoritarian and task oriented /
Statement of responsibility, etc by Anju Mehrotra
260 ## - PUBLICATION, DISTRIBUTION, ETC. (IMPRINT)
Place of publication, distribution, etc New Delhi
Name of publisher, distributor, etc Mittal Publications
260 ## - PUBLICATION, DISTRIBUTION, ETC. (IMPRINT)
Date of publication, distribution, etc 2005
300 ## - PHYSICAL DESCRIPTION
Extent xv,128p
Dimensions 22cm
500 ## - GENERAL NOTE
General note Includes bibliographical references and index
942 ## - ADDED ENTRY ELEMENTS (KOHA)
Source of classification or shelving scheme Dewey Decimal Classification
Koha item type English Books
Classification part 371.207
Call number suffix MEH
Holdings
Withdrawn status Lost status Source of classification or shelving scheme Damaged status Not for loan Home library Current library Date acquired Cost, normal purchase price Total Checkouts Full call number Barcode Date last seen Copy number Cost, replacement price Price effective from Koha item type
    Dewey Decimal Classification   Not For Loan D.B.Act.Division D.B.Act.Division 26/02/2007 295.00   371.207 MEH EN-67656 21/10/2008 1 295.00 21/10/2008 English Books

© Delhi Public Library
Hit Counter
free hit counter